Customer loyalty of microfinance in Digos City / (Record no. 13840)
[ view plain ]
| 000 -LEADER | |
|---|---|
| fixed length control field | 00624nam a22001577a 4500 |
| 008 - FIXED-LENGTH DATA ELEMENTS--GENERAL INFORMATION | |
| fixed length control field | 190424b ||||| |||| 00| 0 eng d |
| 082 ## - DEWEY DECIMAL CLASSIFICATION NUMBER | |
| Edition number | 2018 |
| Classification number | UT 1211 |
| Item number | L37 |
| 100 ## - MAIN ENTRY--PERSONAL NAME | |
| Personal name | Laurente, Helioza Joyce M. |
| 9 (RLIN) | 38488 |
| 245 ## - TITLE STATEMENT | |
| Title | Customer loyalty of microfinance in Digos City / |
| Statement of responsibility, etc. | Helioza Joyce M. Laurente, Princess Fely P. Diamante, and Raizel P. Oppus |
| 260 ## - PUBLICATION, DISTRIBUTION, ETC. (IMPRINT) | |
| Place of publication, distribution, etc. | Digos City: |
| Name of publisher, distributor, etc. | UMDC, |
| Date of publication, distribution, etc. | November 2018. |
| 300 ## - PHYSICAL DESCRIPTION | |
| Extent | 58 pages; |
| Dimensions | 29 cm. |
| 650 ## - SUBJECT ADDED ENTRY--TOPICAL TERM | |
| Topical term or geographic name as entry element | Business Administratiom |
| Form subdivision | Marketing Management |
| General subdivision | Undergraduate thesis. |
| 9 (RLIN) | 38489 |
| 700 ## - ADDED ENTRY--PERSONAL NAME | |
| Personal name | Diamante, Princess Fely P. |
| 9 (RLIN) | 38490 |
| 700 ## - ADDED ENTRY--PERSONAL NAME | |
| Personal name | Oppus, Raizel P. |
| 9 (RLIN) | 38491 |
| 942 ## - ADDED ENTRY ELEMENTS (KOHA) | |
| Source of classification or shelving scheme | Dewey Decimal Classification |
| Koha item type | Undergraduate Thesis |
| Withdrawn status | Lost status | Source of classification or shelving scheme | Damaged status | Not for loan | Home library | Current library | Date acquired | Total Checkouts | Full call number | Barcode | Date last seen | Copy number | Price effective from | Koha item type |
|---|---|---|---|---|---|---|---|---|---|---|---|---|---|---|
| Dewey Decimal Classification | UM Digos College - LIC | UM Digos College - LIC | 03/26/2019 | UT 1211 L37 2018 | UT1211 | 04/24/2019 | 1 | 04/24/2019 | Undergraduate Thesis |
